| 000 | 00624 a2200181 4500 | ||
|---|---|---|---|
| 020 | _a0582515432 | ||
| 020 | _a9780582515437 | ||
| 090 |
_c1999 _d1999 |
||
| 100 | 1 | _aNorman, Susan. | |
| 245 | 1 | 0 |
_aWe mean business : _belementary course in business english : _bstudents' bk. / _cSusan Norman. |
| 260 |
_a[S.l.] : _bLongman, _c1982. |
||
| 300 | _a144 p. | ||
| 500 | _aImport. | ||
| 500 | _aPaperback. | ||
| 856 | 4 | 0 |
_3Amazon.com _uhttp://www.amazon.com/exec/obidos/ASIN/0582515432/chopaconline-20 |
| 856 | 4 | 0 |
_3Amazon customer reviews _uhttp://www.chopac.org/cgi-bin/tools/azrev.pl?q=0582515432 |
| 942 |
_aNBS _cBK _k651.7 NOR |
||
| 999 |
_c344502 _d344502 |
||